[Event "24. Open Internacional de Gros 2014 "]
[Site "San Sebastián ESP"]
[Date "2014.09.24"]
[Round "5.7"]
[White "Cruz, Filemon"]
[Black "Zuloaga Erauskin, Markel"]
[Result "1/2-1/2"]
[WhiteElo "2442"]
[BlackElo "1543"]
[PlyCount "112"]
[EventDate "2014.09.21"]
[EventType "swiss"]
[EventRounds "8"]
[EventCountry "ESP"]
[Source "lmi"]
[SourceDate "2014.09.21"]

1. d4 d5 2. Nf3 Nf6 3. c4 c6 4. e3 e6 5. Qc2 Bd6 6. b3 Nbd7 7. Bb2 Ne4 8. Nbd2
f5 9. g3 Ndf6 10. Bg2 O-O 11. O-O Nxd2 12. Qxd2 Ne4 13. Qc1 Re8 14. Ba3 Bc7 15.
Ne5 Qf6 16. f3 Ng5 17. h4 Nf7 18. f4 Bxe5 19. fxe5 Qg6 20. Rf3 b6 21. Qe1 a5
22. c5 b5 23. b4 a4 24. Bh3 h5 25. Bc1 Nh6 26. a3 Ng4 27. Bd2 Bd7 28. Rf1 Rf8
29. Rf4 Rf7 30. Bc1 Raf8 31. Ra2 Be8 32. Rg2 Bd7 33. Kf1 Be8 34. Ke2 Bd7 35.
Kd3 Be8 36. Kc3 Bd7 37. Kb2 Be8 38. Rc2 Bd7 39. Bf1 Rc8 40. Bd3 Rff8 41. Qe2
Rf7 42. Bd2 Kf8 43. Rc1 Kg8 44. Bc2 Rcf8 45. Rh1 Ra8 46. Bd1 Raf8 47. Qd3 Qh7
48. Qc2 g6 49. Bc1 Qg7 50. Rhf1 Be8 51. Bxg4 fxg4 52. e4 Rxf4 53. Rxf4 Rxf4 54.
Bxf4 Qf7 55. exd5 exd5 56. Kc3 Bd7 1/2-1/2

[Event "24. Open Internacional de Gros 2014 "]
[Site "San Sebastián ESP"]
[Date "2014.09.24"]
[Round "5.8"]
[White "Tung, Siu Hung"]
[Black "Pinilla Santibanez, Roberto"]
[Result "0-1"]
[WhiteElo "1894"]
[BlackElo "2037"]
[PlyCount "96"]
[EventDate "2014.09.21"]
[EventType "swiss"]
[EventRounds "8"]
[EventCountry "ESP"]
[Source "lmi"]
[SourceDate "2014.09.21"]

1. b3 d5 2. Bb2 c5 3. e3 Nc6 4. Nf3 a6 5. a4 Nf6 6. Ne5 e6 7. Be2 Nxe5 8. Bxe5
Bd6 9. d4 Bxe5 10. dxe5 Nd7 11. f4 O-O 12. O-O f6 13. exf6 Qxf6 14. Nd2 Qc3 15.
Bd3 Nf6 16. Qe1 e5 17. Rd1 Bg4 18. fxe5 Qxe5 19. Nf3 Bxf3 20. gxf3 Rae8 21. e4
Nh5 22. Qd2 d4 23. Kh1 Rf4 24. Qg2 Ref8 25. Rf2 R4f6 26. Bc4+ Kh8 27. Rg1 Rg6
28. Qf1 Rh6 29. Qg2 Nf4 30. Qg3 Qf6 31. e5 Qxe5 32. Re2 Qf6 33. Re4 Rg6 34. Qe1
Rxg1+ 35. Qxg1 Nh3 36. Qg3 Ng5 37. Re5 Nxf3 38. Re6 Qd8 39. Qg4 Ng5 40. Re5 h6
41. Rxc5 Qe7 42. Qxd4 Nf3 43. Qf2 Ng5 44. Qd4 Qe1+ 45. Kg2 Ne4 46. Rh5 Rf2+ 47.
Kh3 Rxh2+ 48. Kg4 Qg3+ 0-1

[Event "24. Open Internacional de Gros 2014 "]
[Site "San Sebastián ESP"]
[Date "2014.09.24"]
[Round "5.9"]
[White "Bello Castano, Diego"]
[Black "Aizpurua Zufiria, Inaki"]
[Result "1-0"]
[WhiteElo "1896"]
[BlackElo "1541"]
[PlyCount "63"]
[EventDate "2014.09.21"]
[EventType "swiss"]
[EventRounds "8"]
[EventCountry "ESP"]
[Source "lmi"]
[SourceDate "2014.09.21"]

1. Nf3 c5 2. b3 Nf6 3. Bb2 e6 4. e3 Be7 5. Be2 d6 6. O-O O-O 7. c4 Nbd7 8. d4
b6 9. Nc3 d5 10. cxd5 Nxd5 11. Nxd5 exd5 12. dxc5 Nxc5 13. Nd4 Bb7 14. Rc1 Ne6
15. Nf5 Bf6 16. Ba3 Re8 17. Nd6 Re7 18. Nxb7 Rxb7 19. Bb5 Rc7 20. Bc6 Rac8 21.
Bxd5 Rd7 22. Rxc8 Qxc8 23. Bxe6 fxe6 24. Qe2 Rc7 25. Rd1 Kf7 26. g3 Rc2 27. Rd2
Rc7 28. Kg2 Qb7+ 29. e4 Qc8 30. e5 Qb7+ 31. Kh3 Be7 32. Qh5+ 1-0

[Event "24. Open Internacional de Gros 2014 "]
[Site "San Sebastián ESP"]
[Date "2014.09.24"]
[Round "5.10"]
[White "Munoz Avila, Jose Luis"]
[Black "Olabe Odriozola, Eduardo"]
[Result "1-0"]
[WhiteElo "1735"]
[BlackElo "1974"]
[PlyCount "73"]
[EventDate "2014.09.21"]
[EventType "swiss"]
[EventRounds "8"]
[EventCountry "ESP"]
[Source "lmi"]
[SourceDate "2014.09.21"]

1. d4 f5 2. Nf3 Nf6 3. g3 b6 4. Bg2 Bb7 5. O-O e6 6. Nbd2 Be7 7. c4 O-O 8. Qc2
Ne4 9. b3 d6 10. Bb2 Nd7 11. Rfd1 Ndf6 12. Rac1 Qe8 13. Nxe4 Bxe4 14. Qd2 h6
15. Ne1 Qh5 16. f3 Bb7 17. Nd3 Nd7 18. Qe3 Rf6 19. Nf4 Qf7 20. d5 e5 21. Ne6
Nf8 22. Nxc7 Rc8 23. Nb5 f4 24. Qd3 fxg3 25. hxg3 Rg6 26. Kf2 h5 27. Bh3 Rxg3
28. Qf5 Bh4 29. Qxf7+ Kxf7 30. Nxd6+ Kg8 31. Bxc8 Rg6+ 32. Kf1 Bg5 33. Rc3 Bxc8
34. Nxc8 h4 35. d6 h3 36. Ne7+ Bxe7 37. dxe7 1-0

[Event "24. Open Internacional de Gros 2014 "]
[Site "San Sebastián ESP"]
[Date "2014.09.24"]
[Round "5.11"]
[White "Orube Bona, Andoni"]
[Black "Izagirre Alsua, Aritz"]
[Result "0-1"]
[WhiteElo "1779"]
[BlackElo "1954"]
[PlyCount "69"]
[EventDate "2014.09.21"]
[EventType "swiss"]
[EventRounds "8"]
[EventCountry "ESP"]
[Source "lmi"]
[SourceDate "2014.09.21"]

1. d4 d5 2. c4 c6 3. Nf3 Nf6 4. Qc2 a6 5. Bf4 g6 6. Nbd2 Bg7 7. e3 Bf5 8. Qb3
b5 9. cxd5 Nxd5 10. Bxb8 Rxb8 11. e4 Be6 12. exd5 Bxd5 13. Qe3 O-O 14. Bd3 c5
15. dxc5 Bxb2 16. Rb1 Bc3 17. O-O Bxa2 18. Rbc1 Bg7 19. Rc2 Bd5 20. Be4 Bxe4
21. Qxe4 Qc7 22. Nd4 Rfc8 23. Rb1 e5 24. N4f3 Rd8 25. Nb3 a5 26. c6 f5 27. Qe1
Ra8 28. Rd1 Rxd1 29. Qxd1 Rd8 30. Qe2 a4 31. Nc1 Rd6 32. h3 Rxc6 33. Rxc6 Qxc6
34. Nd3 e4 35. Qa2+ 0-1

[Event "24. Open Internacional de Gros 2014 "]
[Site "San Sebastián ESP"]
[Date "2014.09.24"]
[Round "5.12"]
[White "Gonzalez Larraz, Raul"]
[Black "Darrigues, Alain"]
[Result "0-1"]
[WhiteElo "1722"]
[BlackElo "1867"]
[PlyCount "56"]
[EventDate "2014.09.21"]
[EventType "swiss"]
[EventRounds "8"]
[EventCountry "ESP"]
[Source "lmi"]
[SourceDate "2014.09.21"]

1. e4 c5 2. Nf3 d6 3. d4 cxd4 4. Nxd4 Nf6 5. Nc3 a6 6. Bd3 e5 7. Nf3 Nc6 8. h3
Be7 9. O-O O-O 10. Be3 Be6 11. Qd2 Qc7 12. Ng5 Rac8 13. f4 exf4 14. Bxf4 Ne5
15. Bxe5 dxe5 16. Nxe6 Qb6+ 17. Kh1 Qxe6 18. Nd5 Nh5 19. Rf3 Bh4 20. Qe3 f5 21.
g3 Nxg3+ 22. Rxg3 f4 23. Qb6 Rc6 24. Nc7 Qf7 25. Bc4 Qxc4 26. Rxg7+ Kxg7 27.
Ne8+ Rxe8 28. Qxb7+ Kh8 0-1